Online Catalogue and eLibrary

Bauddha chinthawe ithihasaya (Record no. 908)

MARC details
000 -LEADER
fixed length control field 00428nam a2200157Ia 4500
005 - DATE AND TIME OF LATEST TRANSACTION
control field 20250516021131.0
008 - FIXED-LENGTH DATA ELEMENTS--GENERAL INFORMATION
fixed length control field 240331s9999 xx 000 0 und d
082 ## - DDC Classification
Class No. 294
Item Number - Author Mark THO
100 ## - MAIN ENTRY--PERSONAL NAME
Personal name Thomas, E.J
245 #0 - TITLE STATEMENT
Title Bauddha chinthawe ithihasaya
250 ## - EDITION STATEMENT
Edition statement 2nd
260 ## - PUBLICATION, DISTRIBUTION, ETC.
Place of publication, distribution, etc. Nugegoda
Name of publisher, distributor, etc. M.D.Gunasena Books
Date of publication, distribution, etc. 1966
300 ## - PHYSICAL DESCRIPTION
Extent (e.g. Volumes, Pages etc.) 460 p .,
500 ## - GENERAL NOTE
General note a Book of Sinhalese Translation of The History of Buddhist Thought
942 ## - Koha item type (Biblio)
Koha item type Books in Stacks (Lending)
Holdings
Lost status Damaged status Collection code Home library Current library Shelving location Date acquired Full call number Accession Number Item type
    Lending WERC Library WERC Library Social Science Cupboard 03/31/2024 294 THO 3482 Books in Stacks (Lending)

© WERC Library